Анализ использования локальной и заливающей подстветки для объектов деревянного зодчетва; Высокие технологии в современной науке и технике (ВТСНТ-2017)

التفاصيل البيبلوغرافية
Parent link:Высокие технологии в современной науке и технике (ВТСНТ-2017).— 2017.— [С. 154-155]
المؤلف الرئيسي: Овсянникова А. В.
مؤلف مشترك: Национальный исследовательский Томский политехнический университет (ТПУ) Институт физики высоких технологий (ИФВТ) Кафедра лазерной и световой техники (ЛиСТ)
مؤلفون آخرون: Толкачёва К. П. Ксения Петровна (научный руководитель), Петров И. И.
الملخص:Заглавие с титульного экрана
اللغة:الروسية
منشور في: 2017
سلاسل:Оптические технологии
الموضوعات:
الوصول للمادة أونلاين:http://earchive.tpu.ru/handle/11683/45521
التنسيق: الكتروني فصل الكتاب
KOHA link:https://koha.lib.tpu.ru/cgi-bin/koha/opac-detail.pl?biblionumber=625401

MARC

LEADER 00000naa2a2200000 4500
001 625401
005 20231101133348.0
035 |a (RuTPU)RU\TPU\conf\24661 
035 |a RU\TPU\conf\24659 
090 |a 625401 
100 |a 20171213d2017 k y0rusy50 ca 
101 0 |a rus 
102 |a RU 
105 |a y z 101zy 
135 |a drcn ---uucaa 
181 0 |a i  
182 0 |a b 
200 1 |a Анализ использования локальной и заливающей подстветки для объектов деревянного зодчетва  |f А. В. Овсянникова, К. П. Толкачёва  |g науч. рук. И. И. Петров 
203 |a Текст  |c электронный 
225 1 |a Оптические технологии 
230 |a 1 компьютерный файл (pdf; 654 Kb) 
300 |a Заглавие с титульного экрана 
320 |a [Библиогр.: с. 155 (2 назв.)] 
463 1 |0 (RuTPU)RU\TPU\conf\24481  |t Высокие технологии в современной науке и технике (ВТСНТ-2017)  |o сборник научных трудов VI Международной научно-технической конференции молодых ученых, аспирантов и студентов, г. Томск, 27–29 ноября 2017 г.  |f Национальный исследовательский Томский политехнический университет (ТПУ) ; под ред. А. Н. Яковлева  |v [С. 154-155]  |d 2017 
610 1 |a электронные ресурсы 
610 1 |a труды учёных ТПУ 
610 1 |a светотехнические характеристики 
610 1 |a подсветка 
610 1 |a деревянное зодчество 
610 1 |a электроэнергия 
610 1 |a проектирование 
700 1 |a Овсянникова  |b А. В. 
701 1 |a Толкачёва  |b К. П.  |c специалист в области светотехники  |c ассистент Томского политехнического университета  |f 1986-  |g Ксения Петровна  |2 stltpush  |3 (RuTPU)RU\TPU\pers\28046 
702 1 |a Петров  |b И. И.  |4 727 
712 0 2 |a Национальный исследовательский Томский политехнический университет (ТПУ)  |b Институт физики высоких технологий (ИФВТ)  |b Кафедра лазерной и световой техники (ЛиСТ)  |h 65  |2 stltpush  |3 (RuTPU)RU\TPU\col\18690 
801 2 |a RU  |b 63413507  |c 20171220  |g RCR 
856 4 |u http://earchive.tpu.ru/handle/11683/45521 
942 |c BK